Normal view
MARC view
Entry Término temático
001 - NÚMERO DE CONTROL
- campo de control: 8080
003 - IDENTIFICADOR DEL NÚMERO DE CONTROL
- campo de control: FranzMayer
005 - FECHA Y HORA DE LA ÚLTIMA TRANSACCIÓN
- campo de control: 20190320204024.0
008 - DATOS DE LONGITUD FIJA
- campo de control de longitud fija: 190320|| aca||aabn | a|a d
040 ## - FUENTE DE LA CATALOGACIÓN
- Centro catalogador/agencia de origen: FranzMayer
- Centro/agencia transcriptor: FranzMayer
150 ## - ENCABEZAMIENTO--TÉRMINO DE MATERIA
- Término de materia o nombre geográfico como elemento de entrada: Finanzas públicas
- Subdivisión geográfica: México
670 ## - FUENTE DE DATOS ENCONTRADOS
- Cita de la fuente: Work cat.: (FranzMayer): Payno Flores, Manuel 8079, Exposición que el Ministerio de Hacienda dirige a las Camaras, al darles cuenta de los recursos con que ha contado el gobierno desde el dia 3 al 25 de julio de 1850 y de las medidas que ha dictado en diversos ramos de los que forman el erario, 1850